000 01390nam a2200229Ia 4500
003 Ost
005 20260507075650.0
008 260507s9999||||xx |||||||||||||| ||und||
040 _cfsecg
041 _aara
082 _a658.4012
100 _aالدوري، زكريا مطلك
_eمؤلف
245 0 _aالإدارة الإستراتيجية :
_bمفاهيم وعمليات وحالات دراسية /
_c زكريا مطلك الدوري
260 _aعمان:
_bدار اليازوري العلمية,
_c2005
300 _a400 صفحة؛
_bإيضاحات ؛
_c24 سم
520 _aمفهوم وأهمية الإدارة الإستراتيجية- التوجيه الإستراتيجي- التحليل الإستراتيجي لعوامل البيئة الخارجية- التحليل الإستراتيجي لعوامل البيئة الداخلية- تحديد موقف الإستراتيجي- الإختيار الإستراتيجي- البدائل الإستراتيجية على مستوى وحدة الاعمال- الإستراتيجية الوظيفية- التنفيذ الإستراتيجي- الرقابة الإستراتيجية- تحليل دراسات الحالات.
653 _aالإدارة
653 _aالإدارة الإستراتيجية
653 _aالإدارة التنفيذية
653 _aالتخطيط الإداري
942 _cكتاب
999 _c45563
_d45563